000 01301nam a2200349Ia 4500
001 ebr10130478
003 CaPaEBR
006 m u
007 cr cn|||||||||
008 050510s2006 stk sb 001 0 eng d
020 _z0748618252 (hbk.)
020 _z9780748626311
020 _z9780748618255 (hbk.)
020 _z0748618260 (pbk.)
020 _z9780748618262 (pbk.)
024 3 _z9780748626311
040 _aCaPaEBR
_cCaPaEBR
035 _a(OCoLC)70665548
050 1 4 _aP96.L34
_bT65 2006eb
082 0 4 _a302.23014
_222
100 1 _aTolson, Andrew.
245 1 0 _aMedia talk
_h[electronic resource] :
_bspoken discourse on TV and radio /
_cAndrew Tolson.
260 _aEdinburgh :
_bEdinburgh University Press,
_cc2006.
300 _av, 193 p.
504 _aIncludes bibliographical references (p. 184-189) and index.
533 _aElectronic reproduction.
_bPalo Alto, Calif. :
_cebrary,
_d2009.
_nAvailable via World Wide Web.
_nAccess may be limited to ebrary affiliated libraries.
650 0 _aBroadcasters
_xLanguage.
650 0 _aMass media and language.
655 7 _aElectronic books.
_2local
710 2 _aebrary, Inc.
856 4 0 _uhttp://site.ebrary.com/lib/rucke/Doc?id=10130478
_zAn electronic book accessible through the World Wide Web; click to view
999 _c181158
_d181158